000
00310nam a2200133Ia 4500
005
20260328101509.0
008
260328s9999||||xx |||||||||||||| ||und||
100
_a
Le Corbusier
245
0
_a
U.N. Headquarters /
_c
Le Corbusier
260
_b
Reinhold
300
_a
80 p.
650
_a
ARQUITECTURA
942
_c
BK
999
_c
9137
_d
9137